[Event "Lovsprings op 06th E"]
[Site "Ringsted"]
[Date "1994.05.01"]
[Round "5"]
[White "Keinicke, Mads"]
[Black "Tanggaard, Stig"]
[Result "0-1"]
[WhiteElo "1291"]
[BlackElo "1354"]
[PlyCount "36"]
[EventDate "1994.03.27"]
[EventType "swiss"]
[EventRounds "7"]
[EventCountry "DEN"]
[SourceTitle "EXT 2023"]
[Source "ChessBase"]
[SourceDate "2022.10.05"]
[SourceVersion "1"]
[SourceVersionDate "2022.10.05"]
[SourceQuality "1"]

1. e4 c5 2. Nf3 d6 3. d4 cxd4 4. Nxd4 Nf6 5. Nc3 g6 6. Bd3 Bg7 7. 0-0 0-0 8. Be3 Nc6 9. a3 Ng4 10. Nxc6 bxc6 11. Bd2 Qb6 12. Rb1 Ne5 13. Be3 Qa5 14. h3 Nxd3 15. Qxd3 Ba6 16. Qd2 Bxf1 17. Rxf1 Rab8 18. Rb1 Bxc3 0-1